00923 2200169 4500245005300000020002200053250001100075100001800086650005500104005001900159260004200178041001400220084000800234500046900242490003300711336000900744 aSel Bahan Bakar (FUEL CELL)cTutun NugrahahText a978-602-18942-0-0 aCet. 1 aTutun Nugraha aSeri Sains Energi Terbarukan: Sel Bahan Bakar (FUE a20231116133457 aJakartabPELANGI ILMU NUSANTARAc2012 aIndonesia a503 aBuku SEL BAHAN BAKAR (FUEL CELL) ini menjelaskan proses kimia dan teknis yang terjadi di sel bahan bakar dan juga dibahas berbagai jenis sel bahan bakar yang ada saat ini. Sel bahan bakar sebagai alat pembawa energi menjadi harapan dari para ahli sebagai pembawa energi di masa mendatang karena sel bahan bakar ramah lingkungan. Hasil buangan sel bahan bakar adalah air. Berbagai contoh aplikasi dan prototipe alat sel bahan bakar juga diberikan di dalam buku ini. aSeri Sains Energi Terbarukan atext